| 000 | 01294cam a2200337 i 4500 | ||
|---|---|---|---|
| 001 | 18261720 | ||
| 003 | OSt | ||
| 005 | 20240530110620.0 | ||
| 008 | 140809s2013 fr a b 001 0bfre d | ||
| 010 | _a 2013324477 | ||
| 020 | _a9782724706277 | ||
| 020 | _a2724706277 | ||
| 040 |
_cEG-CaGPL _aEG-CaGPL |
||
| 082 | 0 | 4 |
_221 _a709.034 _bCC/V E |
| 245 | 0 | 0 |
_aÉmile Prisse d'Avennes : _bun artiste-antiquaire en Égypte au XIXe siècle / _ctextes réunis par Mercedes Volait. |
| 264 | 1 |
_aLe Caire : _bInstitut Français d'Archéologie Orientale, _c2013. |
|
| 300 |
_ax, 309 pages : _billustrations (some color) ; _c29 cm. |
||
| 336 |
_atext _2rdacontent |
||
| 337 |
_aunmediated _2rdamedia |
||
| 338 |
_avolume _2rdacarrier |
||
| 490 | 0 |
_aBibliothèque d'étude ; _v156 |
|
| 490 | 0 |
_aPublications de l'Institut Français d'Archéologie Orientale ; _v1061/1231 |
|
| 504 | _aIncludes bibliographical references and indexes. | ||
| 600 | 1 | 0 |
_aPrisse d'Avennes, _d1807-1879. |
| 650 | 0 |
_aEgyptologists _zFrance _vBiography. |
|
| 651 | 0 |
_aEgypt _xAntiquities _y19th century. |
|
| 700 | 1 |
_aVolait, Mercedes. _eeditor of compilation. |
|
| 830 | 0 |
_aBibliothèque d'étude ; _v156. |
|
| 830 | 0 |
_aPublications de l'Institut français d'archéologie orientale du Caire ; _v1061/1231. |
|
| 942 |
_2ddc _cBK |
||
| 999 |
_c63042 _d63042 |
||